<?xml version="1.0" encoding="UTF-8"?>
<record
    xmlns:xsi="http://www.w3.org/2001/XMLSchema-instance"
    xsi:schemaLocation="http://www.loc.gov/MARC21/slim http://www.loc.gov/standards/marcxml/schema/MARC21slim.xsd"
    xmlns="http://www.loc.gov/MARC21/slim">

  <leader>00878nam a2200253 i 4500</leader>
  <controlfield tag="003">OSt</controlfield>
  <controlfield tag="005">20240502151045.0</controlfield>
  <controlfield tag="008">081023t20132015my ao  f f    000 0 may d</controlfield>
  <datafield tag="020" ind1=" " ind2=" ">
    <subfield code="a">97898332160903</subfield>
    <subfield code="c">RM10.00</subfield>
    <subfield code="q">paperback</subfield>
  </datafield>
  <datafield tag="040" ind1=" " ind2=" ">
    <subfield code="a">PPAK</subfield>
    <subfield code="b">eng</subfield>
    <subfield code="c">PPAK</subfield>
    <subfield code="e">rda</subfield>
  </datafield>
  <datafield tag="082" ind1="0" ind2="4">
    <subfield code="2">23</subfield>
    <subfield code="a">334.509595</subfield>
  </datafield>
  <datafield tag="090" ind1="0" ind2="0">
    <subfield code="a">334.509595</subfield>
    <subfield code="b">GAR</subfield>
    <subfield code="d">KWS</subfield>
  </datafield>
  <datafield tag="245" ind1="0" ind2="0">
    <subfield code="a">GARIS PANDUAN KOPERASI SEKOLAH</subfield>
  </datafield>
  <datafield tag="264" ind1=" " ind2="1">
    <subfield code="a">Petaling Jaya : </subfield>
    <subfield code="b">Angkatan Koperasi Kebangsaan Malaysia, </subfield>
    <subfield code="c">2015</subfield>
  </datafield>
  <datafield tag="264" ind1=" " ind2="4">
    <subfield code="c">&#xA9;2013</subfield>
  </datafield>
  <datafield tag="300" ind1=" " ind2=" ">
    <subfield code="a">30 pages :</subfield>
    <subfield code="b">colour photographs ;</subfield>
    <subfield code="c">21 cm</subfield>
  </datafield>
  <datafield tag="336" ind1=" " ind2=" ">
    <subfield code="a">text</subfield>
    <subfield code="2">rdacontent</subfield>
  </datafield>
  <datafield tag="337" ind1=" " ind2=" ">
    <subfield code="a">unmediated</subfield>
    <subfield code="2">rdamedia</subfield>
  </datafield>
  <datafield tag="338" ind1=" " ind2=" ">
    <subfield code="a">volume</subfield>
    <subfield code="2">rdacarrier</subfield>
  </datafield>
  <datafield tag="650" ind1="1" ind2="0">
    <subfield code="a">Student cooperatives </subfield>
    <subfield code="z">Malaysia </subfield>
    <subfield code="v">Management</subfield>
  </datafield>
  <datafield tag="650" ind1="2" ind2="0">
    <subfield code="a">Consumer cooperatives  </subfield>
    <subfield code="z">Malaysia </subfield>
    <subfield code="v">Management </subfield>
  </datafield>
  <datafield tag="710" ind1="2" ind2=" ">
    <subfield code="a">Angkatan Koperasi Kebangsaan Malaysia Berhad (ANGKASA),</subfield>
    <subfield code="e">issuing body.</subfield>
  </datafield>
  <datafield tag="942" ind1=" " ind2=" ">
    <subfield code="2">ddc</subfield>
    <subfield code="c">B</subfield>
  </datafield>
  <datafield tag="999" ind1=" " ind2=" ">
    <subfield code="c">195737</subfield>
    <subfield code="d">195737</subfield>
  </datafield>
  <datafield tag="952" ind1=" " ind2=" ">
    <subfield code="0">0</subfield>
    <subfield code="7">1</subfield>
    <subfield code="b">PPAK</subfield>
    <subfield code="c">KWS</subfield>
    <subfield code="d">2024-05-05</subfield>
    <subfield code="l">0</subfield>
    <subfield code="o">KWS 334.509595 GAR</subfield>
    <subfield code="p">KWS000978</subfield>
    <subfield code="r">2024-05-05 16:09:08</subfield>
    <subfield code="y">B</subfield>
  </datafield>
  <datafield tag="952" ind1=" " ind2=" ">
    <subfield code="0">0</subfield>
    <subfield code="7">1</subfield>
    <subfield code="b">PPAK</subfield>
    <subfield code="c">KWS</subfield>
    <subfield code="d">2024-05-05</subfield>
    <subfield code="l">0</subfield>
    <subfield code="o">KWS 334.509595 GAR</subfield>
    <subfield code="p">KWS000979</subfield>
    <subfield code="r">2024-05-05 16:19:17</subfield>
    <subfield code="y">B</subfield>
  </datafield>
</record>
